000 00615nam a2200205 i 4500
001 18049
003 ES-MaACL
005 20231215063507.0
007 t|
008 010905s2001 sp ||||1| spa d
080 _a946.0"1936/39"
100 1 _aMoa, Pío
_d1948-
_eaut
_9226432
245 1 0 _aCausas de la guerra de España /
_cPío Moa.
260 _a[S.l. :
_bs.n.,
_c2001]
300 _ap. [351]-370 ;
_c21 cm.
651 4 _aEspaña-
_xHistoria-
_y1936-1939, Guerra civil-
_xCausas y antecedentes.
_98299
852 _aES-MaACL
_j2167-F-3
_bR.130248
_918588
942 _2udc
999 _c18049
_d18049